Statistiken für Länder, die Türkei am Nächsten Liegen - Eine Minute Sprint

Klicken Sie hier um das Quiz zu spielen!

Allgemein

  • Dieses Quiz wurde 234 mal gespielt
  • Das Durchschnittsergebnis liegt bei 13 aus 20

Antwortstatistiken

KmLand% Korrekt
0Griechenland
94%
0Bulgarien
92%
0Irak
92%
0Iran
91%
0Syrien
88%
0Georgien
84%
0Armenien
83%
0Aserbaidschan
81%
69Zypern
68%
136Russland
67%
198Rumänien
57%
285Israel
54%
125Libanon
53%
420Albanien
48%
322Serbien
46%
409Ukraine
46%
342Jordanien
36%
388Kosovo
35%
274Mazedonien
33%
387Moldawien
27%

Verteilung der Resultate

Perzentil nach korrekt beantworteten Fragen

Anzahl Personen mit jedem Resultat

Ihre Resultats-Entwicklung

Sie haben dieses Quiz noch nicht gespielt